Novelas Ejemplares

Salvato in:
Dettagli Bibliografici
Autore principale: Cervantes Saavedra, Miguel de
Natura: Libro
Lingua:Spanish
Pubblicazione: México, Distrito Federal Editorial Porrúa 2007
Edizione:27
Soggetti:
Tags: Aggiungi Tag
Nessun Tag, puoi essere il primo ad aggiungerne!!

MARC

LEADER 00000nam a2200000Ia 4500
008 170316s9999 xx 000 0 spa d
040 |a cru BVZT 
090 |a 862 C-37n 
100 |a Cervantes Saavedra, Miguel de 
245 |a Novelas Ejemplares 
250 |a 27 
260 |a México, Distrito Federal 
260 |b Editorial Porrúa 
260 |c 2007 
300 |a 423 páginas 
650 |a LITERATURA ESPAÑOLA 
650 |a NOVELAS EJEMPLARES 
650 |a LA GITANILLA 
650 |a EL AMANTE LIBERAL 
650 |a RINCONETE Y CORTADILLO 
650 |a LA ESPAÑOLA INGLESA 
650 |a EL LICENCIADO VIDRIERA 
650 |a LA FUERZA DE LA SANGRE 
650 |a EL CELOSO EXTREMEÑO 
650 |a LA ILUSTRE FREGONA 
650 |a LAS DOS DONCELLAS 
650 |a LA SEÑORA CORNELIA 
650 |a EL CASAMIENTO ENGAÑOSO Y EL COLOQUIO DE LOS PERROS 
942 |c 15 D 
999 |c 9712  |d 9712